Los organismos auxiliares del movimiento cooperativo
Enregistré dans:
| Auteur principal: | |
|---|---|
| Format: | Texte |
| Publié: |
Heredia:
CEDAL. CAAS. Fundación Friedrich Ebert
|
| Sujets: | |
| Tags: |
Ajouter un tag
Pas de tags, Soyez le premier à ajouter un tag!
|
MARC
| LEADER | 00000 a a2200000 04500 | ||
|---|---|---|---|
| 001 | 18182 | ||
| 003 | |||
| 040 | |||
| 020 | |a 9977-956-07-3 | ||
| 022 | |a 9977-956-07-3 | ||
| 090 | |a 017200 | ||
| 100 | |a Chaves Gómez, Alvaro | ||
| 245 | |a Los organismos auxiliares del movimiento cooperativo | ||
| 260 | |a Heredia: |b CEDAL. CAAS. Fundación Friedrich Ebert | ||
| 300 | |a 45 p. | ||
| 650 | |a MOVIMIENTOS COOPERATIVOS | ||
| 650 | |a COOPERATIVAS | ||
| 650 | |a LEGISLACION | ||
| 650 | |a ADMINISTRACION | ||
| 999 | |c 12663 |d 12663 | ||



